Sojourner truth / (Record no. 6263)

MARC details
000 -LEADER
fixed length control field 00999nam a22003017a 4500
001 - CONTROL NUMBER
control field 6263
003 - CONTROL NUMBER IDENTIFIER
control field FISKH
005 - DATE AND TIME OF LATEST TRANSACTION
control field 20250407141005.0
008 - FIXED-LENGTH DATA ELEMENTS--GENERAL INFORMATION
fixed length control field 250407b cb ||||| |||| 00| 0 eng d
020 ## - INTERNATIONAL STANDARD BOOK NUMBER
International Standard Book Number 9780439263238
040 ## - CATALOGING SOURCE
Original cataloging agency FISKH
Language of cataloging eng
Transcribing agency FISKH
Modifying agency FISKH
050 ## - LIBRARY OF CONGRESS CALL NUMBER
Classification number E185.T8 R66
082 ## - DEWEY DECIMAL CLASSIFICATION NUMBER
Classification number 305.567092
100 ## - MAIN ENTRY--PERSONAL NAME
Personal name Roop, Peter
Dates associated with a name (1951-)
245 ## - TITLE STATEMENT
Title Sojourner truth /
Statement of responsibility, etc. Peter Roop and Connie Roop
250 ## - EDITION STATEMENT
Edition statement This edition first published in 2002
260 ## - PUBLICATION, DISTRIBUTION, ETC.
Place of publication, distribution, etc. New York :
Name of publisher, distributor, etc. Scholastic,
Date of publication, distribution, etc. 2002
300 ## - PHYSICAL DESCRIPTION
Extent 126 pages :
Other physical details illustrations ;
Dimensions 20 cm
505 ## - FORMATTED CONTENTS NOTE
Formatted contents note R<br/>
520 ## - SUMMARY, ETC.
Summary, etc. Describes the life and achievements of nineteenth-century African-American activist Sojourner Truth through her own recollections and the writings of individuals she knew.<br/>
521 8# - TARGET AUDIENCE NOTE
Target audience note 770<br/>
Source Lexile<br/>
521 8# - TARGET AUDIENCE NOTE
Target audience note R<br/>
Source Raz-Plus<br/>
650 ## - SUBJECT ADDED ENTRY--TOPICAL TERM
Source of heading or term African American
Topical term or geographic name entry element Women--Biography
650 ## - SUBJECT ADDED ENTRY--TOPICAL TERM
Source of heading or term Sojourner
Topical term or geographic name entry element Biography
700 ## - ADDED ENTRY--PERSONAL NAME
Personal name Roop, Connie
Dates associated with a name illustrator
942 ## - ADDED ENTRY ELEMENTS (KOHA)
Source of classification or shelving scheme Dewey Decimal Classification
Koha item type Books
Suppress in OPAC No
Holdings
Withdrawn status Lost status Source of classification or shelving scheme Damaged status Not for loan Collection Home library Current library Shelving location Date acquired Total Checkouts Full call number Barcode Date last seen Copy number Price effective from Koha item type
    Dewey Decimal Classification     Juvenile Fiction Footprints International School Library Network Toul Tom Poung Campus Footprints International School Library Network Toul Tom Poung Campus TTP Primary Orange Bookshelves 04/07/2025   PET 305.567092 E185.T8 R66 2025-0997 04/07/2025 1 04/07/2025 Books